Συρία : ελληνικοί απόηχοι
Αποθηκεύτηκε σε:
| Κύριος συγγραφέας: | |
|---|---|
| Άλλοι συγγραφείς: | , , |
| Μορφή: | Βιβλίο |
| Γλώσσα: | Greek French |
| Δημοσίευση: |
Αθήνα :
Adam,
1993.
|
| Θέματα: | |
| Ετικέτες: |
Προσθήκη ετικέτας
Δεν υπάρχουν, Καταχωρήστε ετικέτα πρώτοι!
|
MARC
| LEADER | 00000cam a2200000 i 4500 | ||
|---|---|---|---|
| 001 | 1/28765 | ||
| 008 | 021112s1993 gr | ||| |||| ||gre|| | ||
| 020 | |a 9607188535 | ||
| 035 | |l 10068675 | ||
| 040 | |a GR-MyUa |b gre |e AACR2 | ||
| 041 | 1 | |a gre |h fre | |
| 082 | 7 | |a 915.691 |2 (22) | |
| 100 | 0 | |a Michel, |c Prince of Greece, |d 1939- | |
| 245 | 1 | 0 | |a Συρία : |b ελληνικοί απόηχοι / |c Michel de Grece ; φωτογραφίες: Λίζα Έβερτ, Ντόρα Μηναϊδη, Μαρία Φακίδη. |
| 260 | |a Αθήνα : |b Adam, |c 1993. | ||
| 300 | |a 244 σ. : |b εγχρ. φωτ. ; |c 28 εκ. | ||
| 500 | |a Τίτλος πρωτοτύπου: Promenade en Syrie. | ||
| 504 | |a Περιλαμβάνει βιβλιογραφία και ευρετήριο. | ||
| 651 | 0 | |a Syria |x Description and travel. | |
| 700 | 1 | |a Έβερτ, Λίζα, |e pht | |
| 700 | 1 | |a Μηναΐδη, Ντόρα, |e pht | |
| 700 | 1 | |a Φακίδη, Μαρία, |e pht | |
| 852 | |a INST |b RHODES |e 20021112 |h 915.691 MIC |p 005400016040 |q 005400016040 |t BK |y 0 | ||
| 901 | |a BIBL4-2003-1 | ||
| 922 | |a 4ΕΛΗ |b 200210 |c Βιβλιοθήκη |d ΔΕΝΤΡΟ | ||
| 950 | |a 094-2002-10-05 | ||
| 970 | |a Κουλακιώτη |b Λίτσα |z 2003/01/27 | ||